Формирование экологической культуры иностранных студентов в томском вузе; Т. 2

Bibliografische gegevens
Parent link:Т. 2.— 2008.— С. 67-74
Hoofdauteur: Крепша Н. В.
Taal:Russisch
Gepubliceerd in: 2008
Onderwerpen:
Formaat: Hoofdstuk
KOHA link:https://koha.lib.tpu.ru/cgi-bin/koha/opac-detail.pl?biblionumber=156159

MARC

LEADER 00000naa2a2200000 4500
001 156159
005 20231031152935.0
035 |a (RuTPU)RU\TPU\book\169360 
090 |a 156159 
100 |a 20090324d2008 k y0rusy50 ca 
101 0 |a rus 
102 |a RU 
200 1 |a Формирование экологической культуры иностранных студентов в томском вузе  |f Н. В. Крепша 
320 |a Библиогр.: 6 назв. 
463 0 |0 (RuTPU)RU\TPU\book\163845  |y 5-87307-071-7  |t Т. 2  |v С. 67-74  |d 2008  |p 200 с. 
610 1 |a иностранные студенты 
610 1 |a экологическая культура 
610 1 |a экологическое образование 
610 1 |a высшее образование 
610 1 |a труды учёных ТПУ 
700 1 |a Крепша  |b Н. В. 
801 1 |a RU  |b 63413507  |c 20090324  |g PSBO 
942 |c BK